000 00413cam a22001337a 4500
008 180718b1958 xxu||||| |||| 00| 0 eng d
082 _aQ21 C16/1
245 _aProgram of staff development
_cby Canadian Welfare Council, Ottawa
260 _aOttawa
_bCanadian Welfare Council
_c1958
300 _a14p.
440 _aStaff development; 1
650 _aStaff development
700 _aCanada. Canadian Welfare Council
999 _c432286
_d432286